LEADER 01467nam a2200313 i 4500 001 000000133835 003 CaOOAMICUS 005 20050114000000.0 008 050114s1997 xx u000 u mul u 013 $a106856 020 $a88-18-70152-5 040 $aSeMil$bita 100 0 $aPlato,$d<427-347 a.C.>.$0(OLS)http://semarc/name/5353 245 10$aFedone :$btesto greco a fronte /$cPlatone ; prefazione, saggio introduttivo, traduzione, note, apparati e inserto iconografico di Giovanni Reale ; appendice bibliografica di Matteo Andolfo. 260 $aMilano :$bRusconi,$c1997. 300 $a328 p., [8] p. di tav. ;$c21 cm. 490 0 $aTesti a fronte ;$v51 500 $aContiene : Schema del contenuto del «Fedone» ; Appendice Bibliografica : Letteratura critica del secolo 20. sul «Fedone». 650 4$aFilosofia antica - Testi.$0(OLS)http://semarc/subject/69 700 1 $aAndolfo, Matteo.$0(OLS)http://semarc/name/37915 700 1 $aReale, Giovanni,$d<1931-2014>.$0(OLS)http://semarc/name/74 830 0$aTesti a fronte ;$v51.$0(OLS)http://semarc/title/593 850 $aSeMil 852 $aSeMil$W1$xVenegono$y1$m72 22 51 *$j87636$B87636$CSeMilBibl$Z2$F91492 $81 900 0 $aPlatone. 996 $6020$a88-18-70152-5$9(OLS)http://semarc/number/106864 996 $6245$aFedone :$btesto greco a fronte$9(OLS)http://semarc/title/195815 996 $6260$aMilano :$bRusconi$9(OLS)http://semarc/publisher/30258 LEADER 01456nam a2200277 i 4500 001 000000000722 003 CaOOAMICUS 005 20210601145732.0 008 180830s1975 gw u000 u und u 020 $a3-7902-0029-8 040 $aSeMil$bita 100 0 $aUlrich : von Strassburg,$d<1225-1277>.$0(OLS)http://semarc/name/573 245 14$aDie Christologie, Soterologie und Mariologie des Ulrich von Strassburg :$bein Beitrag zur Geistersgeschichte des 13. Jahrhunderts /$cIgnaz Backes. 260 $aTrier :$bPaulinus,$c1975. 300 $a2 v. ;$c24 cm. 650 4$aUlrich .$0(OLS)http://semarc/subject/177 700 1 $aBackes, Ignaz.$0(OLS)http://semarc/name/574 774 0 $tTrierer theologische Studien.$dTrier : Paulinus, 1941-$w()10610 774 0 $aUlrich : von Strassburg <1225-1277>$tUlrici Argentinensis O .P. De summo bono 1. 5..$dTrier : Paulinus, 1975.$kTrierer theologische Studien$gTeil1$w()44146 774 0 $tGeschichtlicher Kommentar.$dTrier : Paulinus, 1975.$kTrierer theologische Studien$gTeil2$w()181979 900 0 $aUlricus : de Argentina. 996 $6020$a3-7902-0029-8$9(OLS)http://semarc/number/64 996 $6245$aDie Christologie, Soterologie und Mariologie des Ulrich von Strassburg :$bein Beitrag zur Geistersgeschichte des 13. Jahrhunderts$9(OLS)http://semarc/title/1066 996 $6260$aTrier :$bPaulinus$9(OLS)http://semarc/publisher/29982